[Event "IV Copa Marcel Duchamp 2020"]
[Site "Montevideo"]
[Date "2020.02.13"]
[Round "7.10"]
[White "De Dovitiis, Alejo"]
[Black "Benoit, Rodrigo"]
[Result "1-0"]
[WhiteElo "2314"]
[BlackElo "2170"]
[Annotator "TA"]
[PlyCount "73"]
[EventDate "2020.02.08"]
[EventType "swiss"]
[EventCountry "URU"]
[SourceTitle "playchess.com"]
[Source "ChessBase"]
[SourceQuality "1"]

{[%evp 11,73,5,10,0,31,20,26,25,57,52,58,54,50,54,83,81,78,82,83,62,73,77,102,95,115,101,129,112,112,126,116,112,177,179,172,177,506,506,499,510,489,489,485,509,508,466,509,463,516,493,470,322,480,383,404,287,526,526,526,526,519,476,430,362]} 1. Nf3 d5 2. b3 Nf6 3. Bb2 e6 4. e3 Bd6 5. c4 O-O 6. Nc3 c6 {6...c5 is the recent fashion} 7. Qc2 {A11: English Opening: 1...c6.} Na6 8. d4 {[#]} b6 $146 ({Predecessor:} 8... Bb4 9. Bd3 Bd6 10. a3 h6 11. O-O Nc7 12. e4 dxe4 13. Nxe4 Nxe4 14. Bxe4 Ne8 {½-½ (36) Rodman,F (2078)-Buha,D (1964) Komenda 2016}) 9. a3 {White has an edge.} Nc7 10. Bd3 h6 11. e4 dxe4 12. Nxe4 Be7 13. Ne5 Bb7 14. Nxf6+ Bxf6 15. Bh7+ Kh8 16. Be4 Qe8 17. Qe2 Rd8 18. O-O Ba8 19. Rad1 Bxe5 20. dxe5 Qe7 21. Bb1 {Black must now prevent Rd6!} c5 {[#]} (21... Rxd1 $16 22. Rxd1 Rd8) 22. Qc2 $1 $18 {[%csl Gb1][%cal Rc2h7]} g6 {[#]} 23. Rd6 $1 $40 {[%mdl 128] White wants a kill.} Ne8 $2 (23... Qh4 {is tougher.}) 24. Qd2 $1 {[%csl LRd8,LRh6]} Qb7 {[%csl Ga8][%cal Rb7g2]} 25. Be4 Qxe4 {[%csl Ga8][%cal Re4g2]} 26. f3 Qh4 27. Rxd8 Bc6 28. Bc1 Kg7 29. Rc8 Bb7 30. Rb8 Bc6 31. Qf4 Qh5 (31... Qxf4 $142 32. Bxf4 g5) 32. g4 Qh4 33. g5 hxg5 $2 (33... Qxf4 {was called for.} 34. Bxf4 h5) 34. Qxh4 {White is clearly winning.} gxh4 35. Bg5 Rh8 36. Rc8 Bb7 {[#]} 37. Bf6+ $1 {[%mdl 576] Skewer. Accuracy: White = 90%, Black = 51%.} 1-0

[Event "IV Copa Marcel Duchamp 2020"]
[Site "Montevideo"]
[Date "2020.02.13"]
[Round "7.11"]
[White "Vazquez, Facundo"]
[Black "Michailov, Matias"]
[Result "1/2-1/2"]
[WhiteElo "2155"]
[BlackElo "2262"]
[Annotator "RC"]
[PlyCount "66"]
[EventDate "2020.02.08"]
[EventType "swiss"]
[EventCountry "URU"]
[SourceTitle "playchess.com"]
[Source "ChessBase"]
[SourceQuality "1"]
[TimeControl "5400+30"]

1. d4 {[%emt 0:00:00]} Nf6 {[%emt 0:04:43]} 2. c4 {[%emt 0:00:00]} g6 {[%emt 0:00:09]} 3. Nc3 {[%emt 0:00:07]} Bg7 {[%emt 0:00:08]} 4. g3 {[%emt 0:00:59]} O-O {[%emt 0:00:22]} 5. Bg2 {[%emt 0:00:15]} d6 {[%emt 0:00:42]} 6. Nf3 {[%emt 0:00:14]} Nc6 {[%emt 0:00:29]} 7. O-O {[%emt 0:00:17]} a6 {[%emt 0:00:18]} 8. h3 {[%emt 0:00:13]} Rb8 {[%emt 0:05:47]} 9. e4 {[%emt 0:01:17]} Nd7 {[%emt 0:00:18]} 10. Bg5 {[%emt 0:04:55]} h6 {[%emt 0:16:56]} 11. Be3 {[%emt 0:00:10]} Na5 {[%emt 0:00:24]} 12. b3 {[%emt 0:08:09]} c5 {[%emt 0:00:25]} 13. Qd2 {[%emt 0:01:08]} Kh7 {[%emt 0:00:58]} 14. Rac1 {[%emt 0:07:36]} Nc6 {[%emt 0:06:36]} 15. Rfd1 {[%emt 0:06:34]} e5 {[%emt 0:20:30]} 16. dxc5 {[%emt 0:23:04]} dxc5 {[%emt 0:00:09]} 17. Qd6 {[%emt 0:01:17]} Re8 {[%emt 0:08:45]} 18. Na4 {[%emt 0:06:32]} Nd4 {[%emt 0:11:26]} 19. Bxd4 {[%emt 0:03:58]} exd4 {[%emt 0:01:46]} 20. Nxc5 {[%emt 0:04:56]} Bf8 {[%emt 0:16:33]} 21. Qf4 {[%emt 0:01:15]} Bxc5 {[%emt 0:00:31]} 22. Qxf7+ {[%emt 0:00:09]} Kh8 {[%emt 0:00:01]} 23. Qxg6 {[%emt 0:04:24]} Re7 {[%emt 0:01:00]} 24. Qxh6+ {[%emt 0:09:25]} Rh7 {[%emt 0:00:04]} 25. Qd2 {[%emt 0:01:19]} Qe7 {[%emt 0:01:32]} 26. b4 {[%emt 0:02:56]} Bxb4 {[%emt 0:00:52]} 27. Qxd4+ {[%emt 0:00:16]} Rg7 {[%emt 0:01:07]} 28. e5 {[%emt 0:01:25]} Bc5 {[%emt 0:00:19]} 29. Qf4 {[%emt 0:00:43]} Rf7 {[%emt 0:00:31]} 30. Qh6+ {[%emt 0:01:05]} Rh7 {[%emt 0:00:02]} 31. Qf4 {[%emt 0:00:21]} Rf7 {[%emt 0:00:04]} 32. Qh6+ {[%emt 0:00:10]} Rh7 {[%emt 0:00:04]} 33. Qf4 {[%emt 0:00:11]} Rf7 {[%emt 0:00:05]} 1/2-1/2

[Event "IV Copa Marcel Duchamp 2020"]
[Site "Montevideo"]
[Date "2020.02.13"]
[Round "7.12"]
[White "Amura, Claudia"]
[Black "Brizzi, Milagros Tatiana"]
[Result "1/2-1/2"]
[WhiteElo "2245"]
[BlackElo "2022"]
[Annotator "TA"]
[PlyCount "55"]
[EventDate "2020.02.08"]
[EventType "swiss"]
[EventCountry "URU"]
[SourceTitle "playchess.com"]
[Source "ChessBase"]
[SourceQuality "1"]

{[%evp 13,55,22,18,22,22,20,21,18,17,15,44,12,37,35,46,0,50,15,18,15,35,-20,-11,-29,24,0,0,0,0,0,56,50,43,50,79,76,75,47,85,55,68,55,62,55]} 1. d4 d5 2. c4 c6 3. cxd5 cxd5 4. Nc3 Nf6 5. Bf4 Nc6 6. e3 Bf5 7. Qb3 Na5 8. Qa4+ {D10: Slav Defence: 3 cxd5 (without early Nf3) and 3 Nc3.} Bd7 9. Qc2 Rc8 10. Bd3 {The position is equal.} e6 11. Nf3 Nc6 12. Qe2 {[#]} Bb4 $146 ({Predecessor:} 12... Nb4 13. Bb1 Ne4 14. O-O Nxc3 15. bxc3 Rxc3 16. Ne5 Nc6 17. Qb2 Ra3 18. Qxb7 Nxe5 19. Bxe5 {½-½ (36) Li,C (2697)-Ragger,M (2646) Graz 2014}) 13. O-O O-O 14. Rac1 h6 15. Ne5 Nxe5 16. Bxe5 a6 17. f4 (17. Rc2 $14) 17... Bxc3 $11 18. bxc3 Ne4 (18... Ne8 $142 19. f5 exf5) 19. Bxe4 dxe4 20. c4 Qe7 21. c5 {Strongly threatening Bd6.} Rfe8 ({Black should play} 21... Bb5 $11 22. Qb2 Bxf1) 22. Qb2 $36 {[%mdl 2048] White fights for an advantage.} Bb5 23. Rf2 f6 24. Bd6 Qf7 25. Qb3 Bc6 26. Rb2 Bd5 27. Qa4 Red8 {[#] aiming for ...Rxd6!} 28. Rcb1 {Accuracy: White = 65%, Black = 59%.} 1/2-1/2

[Event "IV Copa Marcel Duchamp 2020"]
[Site "Montevideo"]
[Date "2020.02.13"]
[Round "7.13"]
[White "Munoz Perez, Rolando"]
[Black "Muniz, Rafael"]
[Result "1-0"]
[WhiteElo "2130"]
[BlackElo "2232"]
[Annotator "TA"]
[PlyCount "85"]
[EventDate "2020.02.08"]
[EventType "swiss"]
[EventCountry "URU"]
[SourceTitle "playchess.com"]
[Source "ChessBase"]
[SourceQuality "1"]

{[%evp 13,85,56,46,52,48,46,43,49,55,43,129,130,117,130,217,207,273,273,345,329,334,324,385,379,356,348,759,208,218,94,149,75,148,150,150,145,147,121,121,121,133,123,121,120,120,125,149,147,152,144,158,130,196,177,175,160,212,216,204,172,226,243,529,549,29986,458,463,458,452,452,430,395,434,422]} 1. d4 Nf6 2. c4 c5 3. d5 d6 4. Nc3 g6 5. e4 Bg7 6. Nf3 O-O 7. Bd3 Bg4 8. h3 {E90: King's Indian: Classical: Early deviations and 6 h3.} Bxf3 $1 9. Qxf3 e6 10. O-O {White is slightly better.} exd5 11. exd5 {[#]} Na6 $146 (11... Nbd7 $14) ({Predecessor:} 11... Nfd7 12. Qd1 Re8 13. Bd2 Na6 14. a3 Qh4 15. Qg4 Qxg4 16. hxg4 Nc7 17. Rfe1 h6 18. Rxe8+ Nxe8 19. g3 Nef6 {½-½ (46) Ding,L (2777)-So,W (2810) Tbilisi 2017}) 12. Bg5 $16 {Threatens to win with Ne4.} h6 13. Bh4 g5 (13... Nb4 $16 {might work better.}) 14. Bg3 $18 Re8 15. Nb5 Bf8 16. a3 Nb8 17. Rae1 {And now Qxf6! would win.} a6 {White must now prevent ...Rxe1.} 18. Rxe8 Nxe8 {[#]} 19. Qf5 $1 {[%csl Gd3][%cal Rf5h7]} Bg7 $2 (19... Nf6) 20. Nc3 $2 (20. Re1 Nf6 21. Nxd6) 20... Nd7 21. Re1 (21. f4 $18) 21... Ne5 (21... Nf8 $142) 22. Qh7+ Kf8 23. Bxe5 $1 dxe5 24. Ne4 Nf6 25. Qf5 Nxe4 26. Bxe4 Qf6 27. Qd7 Qe7 28. Qg4 Rd8 29. Re3 Qd7 30. Qh5 Kg8 31. Rf3 Qe7 32. Qg4 Qd6 (32... b5 $16) 33. h4 Qd7 34. Rf5 f6 (34... gxh4 $16 35. Qxh4 Rf8) 35. hxg5 fxg5 36. Qh5 {Hoping for Qg6!} Qe7 (36... Qe8 $142 37. Qh3 Qd7) 37. Rf3 {Intending Qg6! and mate.} Rf8 $2 {[#]} (37... Rd6 38. Qh3 Bf8) 38. Qg6 $1 {[%csl Ge4][%cal Rg6h7][%mdl 512]} Rf4 39. Qh7+ (39. Rxf4 $142 gxf4 40. d6 Qd8 41. Qe6+ Kh8 42. d7 Qf6 43. Qe8+ Bf8 44. d8=Q) 39... Kf8 {[#]} 40. d6 $1 {[%mdl 512]} Qxd6 41. Rd3 Qf6 42. f3 g4 43. Rd7 {Accuracy: White = 75%, Black = 44%.} 1-0

[Event "IV Copa Marcel Duchamp 2020"]
[Site "Montevideo"]
[Date "2020.02.13"]
[Round "7.14"]
[White "Diaz Hollemaert, Nahuel"]
[Black "Torella, Rodolfo"]
[Result "1-0"]
[WhiteElo "2450"]
[BlackElo "2081"]
[Annotator "TA"]
[PlyCount "57"]
[EventDate "2020.02.08"]
[EventType "swiss"]
[EventCountry "URU"]
[SourceTitle "playchess.com"]
[Source "ChessBase"]
[SourceQuality "1"]

{[%evp 9,57,-30,-32,-47,-15,-13,-13,-14,0,-28,-9,-9,-15,-25,-39,-35,21,8,8,-20,0,-20,-33,-60,-52,-66,-43,-51,0,0,143,135,150,120,124,127,254,245,649,652,636,627,953,947,940,933,5373,1555,1331,1266]} 1. Nf3 d5 2. c4 e6 3. b3 d4 4. e3 c5 {[#]} 5. Ba3 $146 ({Predecessor:} 5. exd4 cxd4 6. g3 Nc6 7. Bg2 Nf6 8. O-O Bd6 9. d3 O-O 10. a3 a5 11. Nbd2 e5 12. Qe2 Re8 13. h3 h6 14. Re1 Rb8 15. g4 Nh7 16. Ne4 Bf8 17. Bd2 {1-0 (42) Cori,J (2686)-Delorme,A (2489) Linares 2019}) 5... Nc6 6. exd4 {A13: English Opening: 1...e6.} Nxd4 7. Nxd4 Qxd4 8. Nc3 {The position is equal.} Bd7 9. Nb5 Qe5+ (9... Bxb5 $5 10. cxb5 Nf6 $11) 10. Be2 a6 11. d4 cxd4 12. Bxf8 {aiming for Bd6.} Kxf8 ({Better is} 12... axb5 $15 13. f4 Qf6) 13. Nxd4 Qa5+ 14. Kf1 e5 15. Nf3 Qc7 16. Qd2 f6 17. Rd1 Bc6 18. g4 Ne7 (18... Kf7 $15 19. Qc2 Ne7) 19. g5 $1 $36 {[%cal Rg5f6][%mdl 2048] White is pushing.} e4 (19... Nf5 $11 {keeps the balance.}) 20. Nd4 $16 {Black must now prevent Ne6+.} Qe5 21. gxf6 Qxf6 {Strongly threatening ...e3!} 22. Rg1 Kf7 {[#]} (22... g6 $16) 23. Rg4 $1 $18 {[%cal Rg4f4]} g6 $2 (23... Ng6 24. Nxc6 Qxc6 25. Qd7+ Qxd7 26. Rxd7+ Kf6) 24. Rf4 {White is clearly winning.} Nf5 25. Nxc6 Qxc6 {[#]} 26. Rxf5+ $1 {[%mdl 576] Deflection} gxf5 27. Bh5+ Kf8 28. Qg5 (28. Qb4+ $142 Kg7 29. Qe7+ Kh6 30. Qh4) 28... Rg8 29. Qxf5+ {[%mdl 64] Double Attack. Accuracy: White = 84%, Black = 46%.} 1-0

[Event "IV Copa Marcel Duchamp 2020"]
[Site "Montevideo"]
[Date "2020.02.13"]
[Round "7.15"]
[White "Meza, Anahi"]
[Black "Menna Barreto, Felipe Kubiaki"]
[Result "0-1"]
[WhiteElo "2046"]
[BlackElo "2395"]
[Annotator "TA"]
[PlyCount "66"]
[EventDate "2020.02.08"]
[EventType "swiss"]
[EventCountry "URU"]
[SourceTitle "playchess.com"]
[Source "ChessBase"]
[SourceQuality "1"]

{[%evp 14,66,-50,-95,-103,-108,-93,-107,-99,-119,-114,-124,-114,-117,-126,-131,-122,-117,-119,-152,-120,-132,-126,-124,-74,-62,-72,-85,-84,-185,-181,-307,-296,-296,-305,-279,-298,-305,-290,-281,-304,-293,-296,-295,-264,-282,-256,-349,-361,-616,-579,-1162,-1155,-1100,-1074]} 1. d4 d5 2. c4 dxc4 3. Nf3 Nf6 4. Nc3 a6 5. a4 Nc6 6. e3 Na5 7. Ne5 Be6 8. Be2 g6 {D24: Queen's Gambit Accepted: 3 Nf3 Nf6 4 Nc3.} 9. O-O Bg7 10. Ra3 {[#]} c5 $1 {[%mdl 512] Black is better.} 11. dxc5 Qc7 12. Nf3 Rd8 13. Qc2 Qxc5 {[#]} 14. e4 $146 ({Predecessor:} 14. Nd4 Bc8 15. Na2 Bf5 16. Nxf5 Qxf5 17. Qc3 O-O 18. Qb4 Ne4 19. Bxc4 Nxc4 20. Qxc4 {0-1 (69) Campos Moreno,J (2305)-Garcia Palermo,C (2415) Santiago de Chile 1980}) 14... O-O 15. Be3 {[#]} Qc7 $1 16. Ng5 Bc8 17. Nf3 Ng4 18. Nd5 Rxd5 19. exd5 {aiming for b4.} Bf5 20. Qc1 {And now b4 would win.} Nxe3 21. fxe3 (21. Rxe3 $17 {was the only defense.} Qd6 22. Qe1) 21... Qb6 $36 {[%mdl 2048] Black is in control.} 22. Ra2 (22. Nd4 $142 Be4 23. d6 exd6 24. Rd1) 22... Qb3 23. Ra3 Bxb2 {[%mdl 64] Double Attack} ({Much less strong is} 23... Qxb2 24. Qxb2 Bxb2 25. Ra2 $19) 24. Rxb3 Bxc1 25. Rc3 Bb2 26. Rxc4 Nxc4 27. Bxc4 Rc8 28. Ba2 Bf6 29. h3 h5 30. Nh2 Bg5 31. Rf3 $2 (31. Re1) 31... Be4 {Black is clearly winning.} 32. Rf1 Bxe3+ 33. Kh1 {[#]} Rc2 $1 {[%mdl 64] Double Attack. Accuracy: White = 48%, Black = 85%.} 0-1

[Event "IV Copa Marcel Duchamp 2020"]
[Site "Montevideo"]
[Date "2020.02.13"]
[Round "7.16"]
[White "Dotta, Gian Franco"]
[Black "Vitoux, Colomban"]
[Result "1/2-1/2"]
[WhiteElo "2000"]
[BlackElo "2377"]
[Annotator "TA"]
[PlyCount "151"]
[EventDate "2020.02.08"]
[EventType "swiss"]
[EventCountry "URU"]
[SourceTitle "playchess.com"]
[Source "ChessBase"]
[SourceQuality "1"]

{[%evp 11,151,60,62,66,70,74,68,62,60,62,91,85,94,100,95,73,145,143,157,155,183,193,253,260,243,249,218,188,183,192,483,478,428,212,247,247,291,294,356,155,153,143,156,101,91,87,88,71,78,63,108,93,100,79,118,18,18,16,26,23,14,6,6,6,57,57,57,57,58,57,57,57,57,57,57,57,57,57,58,57,57,57,58,57,58,58,113,57,58,57,57,57,57,57,57,57,57,6,6,6,6,6,6,5,6,6,6,5,6,6,6,6,6,6,12,6,8,0,0,0,5,5,6,6,6,6,6,12,12,12,12,12,12,12,12,12,12,12,12,12,12,0]} 1. e4 e6 2. d4 d5 3. Nc3 Bb4 4. exd5 Qxd5 5. Nf3 Nf6 6. Bd3 Ne4 7. Bd2 {C10: French with 3 Nc3: Unusual Black 3rd moves and 3...dxe4.} Bxc3 8. bxc3 Nxd2 9. Qxd2 {White is slightly better.} c5 10. c4 Qh5 11. c3 Nc6 12. O-O $36 {[%mdl 2048] [#] White has strong initiative.} O-O $146 ({Predecessor:} 12... Bd7 13. Rab1 b6 14. Rfe1 O-O-O 15. Re4 cxd4 16. cxd4 Qa5 17. Qf4 f6 {1-0 (30) Grigore,N (2397)-Osman,M (2201) Bucharest 2000}) 13. Rfe1 Rd8 (13... cxd4 $142 14. cxd4 Qa5) 14. d5 $16 Ne7 15. Qf4 {Strongly threatening Qc7!} Ng6 16. Qc7 Bd7 (16... Rd7 {might work better.} 17. Qxc5 Rd8) 17. Bxg6 $1 $18 (17. Qxb7 Nf4 $14) (17. Qxc5 b6 $16) 17... hxg6 18. Ne5 ({But not} 18. Qxc5 $6 exd5 19. cxd5 Rac8 $16) ({Resist} 18. Qxb7 $6 exd5 19. Ne5 (19. Qxd5 Be6 $14) (19. cxd5 Rab8 $16) 19... Rab8) 18... Be8 19. Qxb7 exd5 20. cxd5 f6 $2 (20... Rab8 21. Qxa7 Ra8) 21. Nc6 Bxc6 22. Qxc6 (22. dxc6 $142 {Black must now prevent c7.} Qd5 23. c4 $1 {[%mdl 512]}) 22... Qf5 23. Re7 (23. Qxc5 Rxd5 24. Qc7 Rd2 $14) 23... Rab8 24. h3 ({Not} 24. Qxc5 Rb1+ 25. Re1 Rxa1 $14) 24... Rdc8 25. Qd7 (25. Qa4 $18 {has better winning chances.}) 25... Qxd7 $16 26. Rxd7 Rd8 27. Rxd8+ (27. Rxa7 $142 {And now c4 would win.} Rxd5 28. Re1) 27... Rxd8 {[%mdl 4096] Endgame KR-KR} 28. c4 Rb8 29. Re1 Kf7 30. a3 Rb3 31. Re3 Rb1+ 32. Kh2 Rc1 33. Rb3 (33. d6 $16) 33... Rxc4 $11 34. Rb7+ Kf8 35. Rxa7 Rd4 36. Rc7 Rxd5 37. a4 {[%cal Ba3a4,Ba4a5,Ba5a6][%mdl 32]} Rd2 (37... Kg8 $1 $11) 38. a5 $14 {Hoping for a6.} Ra2 39. Rxc5 Rxf2 40. a6 Ra2 41. Rc8+ Ke7 42. Rc7+ Kd6 43. Rxg7 Rxa6 44. Rxg6 Ke6 45. h4 Kf7 46. Rg4 Ra3 47. g3 Ra1 48. Rf4 Kg6 {[#]} (48... Ra5 $1 $14) 49. Kh3 (49. g4 $1 $16) 49... Ra3 50. Kg4 f5+ $1 51. Kh3 Ra2 52. Rb4 Rc2 53. Rb6+ Kg7 54. h5 ({Better is} 54. Ra6 $14) 54... Rc4 $11 {The position is equal.} 55. Rg6+ Kf7 56. Rd6 Kg7 57. Kg2 Rc3 58. Re6 Kf7 59. Rg6 (59. Ra6 {looks sharper.} Kg7 60. Rg6+ Kf7 61. Rb6 Kg7 62. h6+) 59... Ra3 60. Rc6 Kg7 61. Kf2 Rb3 62. Re6 Ra3 (62... Kf7 $5 {[%cal Rf7e6]} 63. Ra6 Kg7 $11) 63. Rd6 Rb3 64. Rd5 Kf6 65. h6 Kg6 66. Rd6+ Kh7 67. Rf6 Ra3 68. Kg2 Rb3 69. Kh3 f4 70. Rxf4 {aiming for Rf6.} Kxh6 71. Kh4 Kg6 72. Rc4 Rb6 73. Rc5 Rb4+ 74. g4 Rb6 75. Rc4 Ra6 76. Rc5 {Accuracy: White = 84%, Black = 75%.} 1/2-1/2

[Event "IV Copa Marcel Duchamp 2020"]
[Site "Montevideo"]
[Date "2020.02.13"]
[Round "7.17"]
[White "Mussanti, Diego"]
[Black "Pichuaga, Juan Pablo"]
[Result "1-0"]
[WhiteElo "2330"]
[BlackElo "2030"]
[Annotator "TA"]
[PlyCount "71"]
[EventDate "2020.02.08"]
[EventType "swiss"]
[EventCountry "URU"]
[SourceTitle "playchess.com"]
[Source "ChessBase"]
[SourceQuality "1"]

{[%evp 9,71,29,33,19,51,46,92,62,52,50,53,47,67,61,71,41,82,40,70,25,16,15,19,32,31,23,33,-78,224,227,365,346,704,666,598,562,720,741,957,956,1061,1093,1095,1140,1260,1271,1200,708,635,0,1195,1168,1153,1157,1389,1289,29985,29986,29987,29988,29990,29991,29991,29992]} 1. e4 c6 2. d4 d5 3. Nc3 dxe4 4. Nxe4 Nf6 5. Nxf6+ exf6 6. c3 {B15: Caro-Kann: 3 Nc3: 3...g6 and 3...dxe4 4 Nxe4 Nf6 5 Nxf6+ exf6.} Be7 7. Bd3 {[#]} b6 $146 ({Predecessor:} 7... Be6 8. Ne2 O-O 9. Qc2 g6 10. h4 f5 11. h5 Re8 12. Nf4 Bf6 13. Kf1 Nd7 {½-½ (53) Kasparov,G (2825)-Miles,A (2595) ICC INT 1998}) 8. Ne2 {White is better.} Ba6 9. c4 Bb4+ 10. Kf1 Bd6 11. Be3 Nd7 12. Nc3 Qc7 13. Ne4 Bf4 14. Qg4 Bxe3 15. Qxg7 O-O-O 16. fxe3 f5 17. Nf6 $36 {[%mdl 2048] Black must now prevent g3. White has some pressure.} f4 $1 18. e4 ({Not} 18. Qxf7 $2 Rhf8 $19) (18. Ke2 $14) 18... Ne5 $2 {[%mdl 8192]} (18... Nxf6 $17 19. Qxf6 Rhe8) 19. dxe5 $18 Rxd3 (19... Qxe5 {is a better defense.} 20. Be2 Qxb2) 20. Qxh8+ Rd8 $2 (20... Kb7) 21. Qxh7 Bxc4+ 22. Kf2 b5 {and the idea ...Be6 leaves Black hopeful.} 23. Qf5+ Kb8 24. Qxf4 Qb6+ 25. Kg3 Rd3+ 26. Kh4 Qd8 {[#]} 27. Rad1 $3 Qh8+ (27... Rxd1 28. Rxd1) 28. Nh5 Qd8+ 29. Nf6 Qh8+ $1 30. Kg5 {Strongly threatening e6+.} Qg7+ {[#]} 31. Kh5 $1 Rxd1 32. Rxd1 Be2+ 33. Kh4 {White mates.} Bxd1 34. e6+ Kb7 35. e7 Qh8+ 36. Kg3 {Accuracy: White = 61%, Black = 60%.} 1-0

[Event "IV Copa Marcel Duchamp 2020"]
[Site "Montevideo"]
[Date "2020.02.13"]
[Round "7.18"]
[White "Meskanen, Vesa"]
[Black "Contin, Daniel"]
[Result "0-1"]
[WhiteElo "2019"]
[BlackElo "2267"]
[Annotator "TA"]
[PlyCount "54"]
[EventDate "2020.02.08"]
[EventType "swiss"]
[EventCountry "URU"]
[SourceTitle "playchess.com"]
[Source "ChessBase"]
[SourceQuality "1"]

{[%evp 9,54,53,57,34,62,60,75,34,39,4,34,43,32,33,54,11,12,-14,55,8,12,0,0,-16,-11,-213,0,-172,-82,-81,-85,-195,-180,-303,-283,-304,-304,-315,-304,-314,-318,-291,-287,-476,-430,-418,-407]} 1. d4 Nf6 2. Nf3 b6 3. g3 Bb7 4. c4 Bxf3 5. exf3 e6 6. Bg2 {A50: Queen's Fianchetto Defence (1 d4 Nf6 2 c4 b6).} d5 7. O-O c6 8. cxd5 {White is better.} cxd5 9. Nc3 Nc6 {[#]} 10. Be3 $146 ({Predecessor:} 10. f4 g6 11. Qa4 Qd7 12. Be3 a6 13. Rfc1 Na5 14. Qd1 Bd6 15. Na4 Rb8 16. Bf1 {0-1 (60) Silman,J (2345)-Whitehead,J (2420) New York 1987}) 10... Qd7 11. Rc1 Na5 12. Rc2 Be7 13. Re1 b5 ({Black should try} 13... O-O $11) 14. Bf1 a6 15. b3 O-O 16. Bd2 Nc6 $36 {[%mdl 2048] Black has some pressure.} 17. Nxb5 $2 {[#]} (17. Be3 $11) 17... Rfb8 $2 (17... axb5 $19 18. Bxb5 Rfc8) 18. Qc1 $2 (18. Nc3 $1 $11 {and White has nothing to worry.}) 18... Rb6 (18... Rc8 $19 {is more deadly.} 19. Bg5 Qb7) 19. Nc7 $17 Ra7 20. Re3 (20. Nxa6 $17 {might work better.} Rbxa6 21. Bxa6 Rxa6 22. Qa1) 20... Nxd4 $19 ({Resist} 20... Rxc7 {[#]} 21. Ba5 $1 $17 {[%mdl 512]}) 21. Ba5 (21. Rcc3 $142) 21... Nxc2 22. Bxb6 Nxe3 ({Not} 22... Rxc7 23. Bxc7 Nxe3 24. fxe3 $11) 23. Bxa7 Nxf1 24. Kxf1 Bd8 25. Bb6 Ne8 {[%cal Rd8c7]} 26. Na8 $2 (26. Nxd5 {was necessary.} exd5 27. Bxd8 Qxd8 28. Qc6) 26... Bxb6 27. Nxb6 Qb5+ {[%mdl 64] Double Attack. Accuracy: White = 31%, Black = 70%.} 0-1